[Event "4NCL/Div4/MET vs. NKN2 prelims"]
[Site "Telford ENG"]
[Date "2003.01.19"]
[Round "4.5"]
[White "Kruszynski, Robert G"]
[Black "Thomas, Joseff"]
[Result "1-0"]
[WhiteElo "1792"]
[BlackElo "1574"]
[PlyCount "57"]
[EventDate "2003.01.19"]

1. d4 Nf6 2. Nf3 g6 3. Bf4 Bg7 4. e3 O-O 5. Bd3 d6 6. e4 Nbd7 7. Qd2 e5 8. dxe5
Ng4 9. Nc3 Ngxe5 10. Bh6 Nxd3+ 11. cxd3 Ne5 12. Nxe5 dxe5 13. Bxg7 Kxg7 14.
O-O-O c5 15. f4 Qa5 16. f5 b5 17. Kb1 Bb7 18. h4 b4 19. Ne2 Rad8 20. Qe3 Qa4
21. b3 Qb5 22. h5 c4 23. hxg6 fxg6 24. Rxh7+ Kxh7 25. Rh1+ Kg8 26. Qh6 Rd7 27.
fxg6 Rf1+ 28. Rxf1 Qc5 29. Rh1 1-0

[Event "4NCL/Div4/MET vs. NKN2 prelims"]
[Site "Telford ENG"]
[Date "2003.01.19"]
[Round "4.6"]
[White "Arnold, Chris"]
[Black "Young, Collins"]
[Result "1-0"]
[WhiteElo "1615"]
[BlackElo "1664"]
[PlyCount "51"]
[EventDate "2003.01.19"]

1. d4 d5 2. c4 c6 3. Nf3 Nf6 4. Nc3 e6 5. cxd5 exd5 6. Bg5 Be7 7. e3 O-O 8. Bd3
h6 9. Bh4 Nh5 10. Bg3 Nxg3 11. hxg3 Bg4 12. Qc2 Nd7 13. Nh2 Be6 14. f4 f5 15.
Nf3 c5 16. Nh4 Bxh4 17. Rxh4 c4 18. Be2 a6 19. O-O-O b5 20. Rdh1 b4 21. Nd1 Rc8
22. g4 b3 23. Qb1 fxg4 24. Rxh6 bxa2 25. Qh7+ Kf7 26. Qg6+ 1-0

[Event "4NCL/Div4/WGR3 vs. SXM prelims"]
[Site "Telford ENG"]
[Date "2003.01.19"]
[Round "4.1"]
[White "Lee, Graham D"]
[Black "Almond, Richard"]
[Result "1-0"]
[WhiteElo "2367"]
[BlackElo "2127"]
[PlyCount "91"]
[EventDate "2003.01.19"]

1. e4 d5 2. exd5 Qxd5 3. Nf3 Nf6 4. Be2 Bg4 5. h3 Bh5 6. d4 e6 7. O-O Be7 8. c4
Qd8 9. Qb3 Qc8 10. Nc3 O-O 11. g4 Bg6 12. Ne5 c6 13. f4 Nbd7 14. Be3 Nxe5 15.
dxe5 Ne4 16. Nxe4 Bxe4 17. Rad1 c5 18. Bd3 Bxd3 19. Qxd3 Rd8 20. Qe4 Qc7 21. f5
Rxd1 22. Rxd1 Rd8 23. Rxd8+ Bxd8 24. Kf2 Be7 25. Ke2 Qd7 26. b3 Qc7 27. Bd2 Qd7
28. Bc3 Bg5 29. Be1 g6 30. f6 h6 31. h4 Bc1 32. Bc3 Kh8 33. h5 g5 34. Qd3 Qxd3+
35. Kxd3 Ba3 36. Kc2 b6 37. Bb2 Bxb2 38. Kxb2 Kg8 39. Ka3 Kf8 40. b4 cxb4+ 41.
Kxb4 a6 42. c5 bxc5+ 43. Kxc5 Ke8 44. Kc6 a5 45. Kc7 a4 46. a3 1-0

[Event "4NCL/Div4/WGR3 vs. SXM prelims"]
[Site "Telford ENG"]
[Date "2003.01.19"]
[Round "4.2"]
[White "Linford, Charles M"]
[Black "Watson, Ron"]
[Result "1-0"]
[WhiteElo "1840"]
[BlackElo "2248"]
[PlyCount "65"]
[EventDate "2003.01.19"]

1. e4 c6 2. d4 d5 3. e5 Bf5 4. Nc3 e6 5. g4 Bg6 6. Nge2 c5 7. h4 f6 8. Nf4 Bf7
9. exf6 Nxf6 10. g5 cxd4 11. Nb5 Ne4 12. Nxd4 e5 13. Bb5+ Nd7 14. Nde6 Qa5+ 15.
c3 Nd6 16. b4 Qxb5 17. Nc7+ Kd8 18. Nxb5 exf4 19. Nd4 Ne4 20. Bxf4 Nxc3 21. Qb3
Ne4 22. Rc1 h6 23. g6 Bxg6 24. Ne6+ Ke7 25. Qxd5 Nef6 26. Bd6+ Kf7 27. Ng5+ Ke8
28. Qe6+ Kd8 29. Bc7+ Kc8 30. Be5+ Kd8 31. Bxf6+ gxf6 32. Rd1 Bxb4+ 33. Kf1 1-0

[Event "4NCL/Div4/WGR3 vs. SXM prelims"]
[Site "Telford ENG"]
[Date "2003.01.19"]
[Round "4.3"]
[White "Maduekwe, Chiedu"]
[Black "Barraclough, David"]
[Result "1-0"]
[WhiteElo "2140"]
[BlackElo "1640"]
[PlyCount "53"]
[EventDate "2003.01.19"]

1. d4 Nf6 2. c4 g6 3. Nc3 Bg7 4. Nf3 d6 5. g3 O-O 6. Bg2 Nbd7 7. O-O e5 8. h3
Ne8 9. e4 f5 10. exf5 gxf5 11. dxe5 dxe5 12. Ng5 Qe7 13. Ne6 Rf7 14. Nxg7 Rxg7
15. Nd5 Qf7 16. Bh6 Rg6 17. Nf4 exf4 18. Bd5 Re6 19. Bxe6 Qxe6 20. Re1 Qf7 21.
Qd4 Nef6 22. Qxf4 Nb6 23. Rad1 Be6 24. Rxe6 Ne4 25. Re5 Re8 26. Rxf5 Qe7 27.
Re1 1-0

[Event "4NCL/Div4/WGR3 vs. SXM prelims"]
[Site "Telford ENG"]
[Date "2003.01.19"]
[Round "4.4"]
[White "Fraser, Joe"]
[Black "Kikoyo, Ali"]
[Result "1/2-1/2"]
[WhiteElo "1448"]
[BlackElo "1864"]
[PlyCount "88"]
[EventDate "2003.01.19"]

1. e4 e5 2. Nf3 Nc6 3. Bb5 Nf6 4. O-O Be7 5. Re1 d6 6. h3 Bd7 7. c3 O-O 8. Ba4
h6 9. d4 a6 10. Nbd2 b5 11. Bb3 Re8 12. Nf1 Bf8 13. Ng3 g6 14. Nh4 Kg7 15. Qd2
Ng8 16. Nf3 Na5 17. Bc2 Kh8 18. b3 Bg7 19. Bb2 exd4 20. cxd4 c5 21. Bc3 b4 22.
Bb2 Nc6 23. Rad1 Qc7 24. Bb1 Rad8 25. dxc5 dxc5 26. Bxg7+ Kxg7 27. Qb2+ Kh7 28.
Rd5 Nce7 29. Rd2 Be6 30. Red1 Nc6 31. Qc1 Rxd2 32. Rxd2 Ne5 33. Qd1 Nxf3+ 34.
Qxf3 Qe5 35. Qe2 Ra8 36. Qe3 Qc7 37. Bd3 a5 38. Rc2 a4 39. Rxc5 Qd6 40. e5 Qd7
41. Rb5 axb3 42. axb3 Ra1+ 43. Kh2 Bxb3 44. Rxb4 Be6 1/2-1/2

[Event "4NCL/Div4/WGR3 vs. SXM prelims"]
[Site "Telford ENG"]
[Date "2003.01.19"]
[Round "4.5"]
[White "Cutmore, Martin J"]
[Black "Barraclough, Stephanie"]
[Result "1-0"]
[WhiteElo "1896"]
[BlackElo "1472"]
[PlyCount "69"]
[EventDate "2003.01.19"]

1. d4 Nf6 2. c4 g6 3. Nc3 Bg7 4. e4 d6 5. f4 O-O 6. Nf3 c5 7. d5 e6 8. Be2 exd5
9. cxd5 Re8 10. Nd2 Qa5 11. O-O a6 12. a4 Qc7 13. Bf3 Bd7 14. Nc4 Rd8 15. e5
Ne8 16. Ne4 Bf8 17. Ng5 h6 18. Nxf7 Kxf7 19. e6+ Kg7 20. exd7 Nxd7 21. Bd2 Nef6
22. Bc3 Re8 23. a5 Kh7 24. Qd3 Re7 25. f5 g5 26. Bh5 Kg8 27. Bg6 Bg7 28. Rae1
Nf8 29. Rxe7 Qxe7 30. Re1 Qc7 31. Qd2 Nxg6 32. fxg6 Re8 33. Bxf6 Rxe1+ 34. Qxe1
Bxf6 35. Qe6+ 1-0

[Event "4NCL/Div4/WGR3 vs. SXM prelims"]
[Site "Telford ENG"]
[Date "2003.01.19"]
[Round "4.6"]
[White "Eichner, Daniel"]
[Black "Cutmore, David M"]
[Result "0-1"]
[WhiteElo "1328"]
[BlackElo "1848"]
[PlyCount "48"]
[EventDate "2003.01.19"]

1. e4 Nf6 2. e5 Nd5 3. d4 d6 4. c4 Nb6 5. f4 dxe5 6. fxe5 c5 7. d5 g6 8. Be2
Bg7 9. Bf4 O-O 10. Nc3 e6 11. Nf3 exd5 12. cxd5 Bg4 13. O-O N8d7 14. Re1 Re8
15. Qd2 Bxf3 16. Bxf3 Nxe5 17. Bh6 Nxf3+ 18. gxf3 Bd4+ 19. Kh1 Nc4 20. Qc1 Qf6
21. Rf1 Qf5 22. Ne4 Rxe4 23. Qxc4 Rh4 24. Bd2 Qe5 0-1

[Event "4NCL/Div4/SXM vs. HKF prelims"]
[Site "Telford ENG"]
[Date "2003.03.08"]
[Round "5.1"]
[White "Almond, Richard"]
[Black "Ogunshula, Ben"]
[Result "1/2-1/2"]
[WhiteElo "2127"]
[BlackElo "2164"]
[PlyCount "59"]
[EventDate "2003.03.08"]

1. d4 Nf6 2. c4 g6 3. Nc3 Bg7 4. e4 d6 5. Nf3 O-O 6. Be2 e5 7. O-O Na6 8. d5
Nc5 9. Qc2 a5 10. b3 Bd7 11. a3 Qe8 12. Be3 b6 13. b4 Ba4 14. Qb1 Nb3 15. Ra2
Nd4 16. Bxd4 exd4 17. Nxa4 axb4 18. Nb2 Nxe4 19. Nd1 bxa3 20. Bd3 Nc5 21. Nd2
f5 22. f4 Rf7 23. Nf2 Re7 24. Rd1 Qa4 25. Qc2 Qb4 26. Rb1 Qc3 27. Nf1 Ra4 28.
Qd1 Qa5 29. Rba1 Qc3 30. Rb1 1/2-1/2

[Event "4NCL/Div4/SXM vs. HKF prelims"]
[Site "Telford ENG"]
[Date "2003.03.08"]
[Round "5.2"]
[White "Truran, Michael"]
[Black "Kelly, Paul J"]
[Result "1-0"]
[WhiteElo "2205"]
[BlackElo "1904"]
[PlyCount "95"]
[EventDate "2003.03.08"]

1. d4 d6 2. e4 g6 3. c4 Bg7 4. Nc3 Nc6 5. Be3 e5 6. d5 Nce7 7. g4 Nf6 8. f3 h5
9. g5 Nh7 10. h4 O-O 11. Qd2 f6 12. O-O-O fxg5 13. hxg5 Rf7 14. c5 b6 15. cxd6
cxd6 16. Kb1 Nf8 17. Rc1 Rb8 18. Rh2 a6 19. Bh3 Bxh3 20. Rxh3 b5 21. b3 Nd7 22.
Rh2 Qa5 23. Nd1 Qd8 24. Qb4 Nb6 25. Qa3 Bf8 26. Qxa6 Nec8 27. Qxb5 Rfb7 28.
Rhc2 Be7 29. Nb2 Na7 30. Qd3 Bxg5 31. Nh3 Bxe3 32. Qxe3 Nb5 33. Rg2 Na3+ 34.
Ka1 Rg7 35. Ng5 Qe8 36. Ne6 Rh7 37. Qg5 Rc8 38. Rxc8 Nxc8 39. Qf6 Ne7 40. Ng5
Qc8 41. Nc4 Nxc4 42. Rc2 Rg7 43. Rxc4 Qb8 44. Qe6+ Kf8 45. Qd7 Kg8 46. Rb4 Qa8
47. Qxd6 Nc8 48. Qd8# 1-0

[Event "4NCL/Div4/SXM vs. HKF prelims"]
[Site "Telford ENG"]
[Date "2003.03.08"]
[Round "5.3"]
[White "de Mooi, Connagh-Joseph"]
[Black "Fowler, Simon"]
[Result "1/2-1/2"]
[WhiteElo "1720"]
[BlackElo "2160"]
[PlyCount "35"]
[EventDate "2003.03.08"]

1. e4 e6 2. Qe2 c5 3. d3 Nc6 4. Nf3 Nge7 5. g3 g6 6. Bg2 Bg7 7. O-O O-O 8. Re1
d6 9. Nbd2 Qc7 10. h4 f5 11. Nf1 Bd7 12. c3 Rae8 13. h5 e5 14. hxg6 Nxg6 15.
exf5 Bxf5 16. Ne3 Qd7 17. Nxf5 Qxf5 18. Qe4 {{=} 1/2-1/2

[Event "4NCL/Div4/SXM vs. HKF prelims"]
[Site "Telford ENG"]
[Date "2003.03.08"]
[Round "5.4"]
[White "Forman, Karl L"]
[Black "Barraclough, David"]
[Result "1-0"]
[WhiteElo "2036"]
[BlackElo "1640"]
[PlyCount "67"]
[EventDate "2003.03.08"]

1. e4 d6 2. d4 Nf6 3. Nc3 g6 4. f4 Bg7 5. Bd3 O-O 6. Nf3 c5 7. d5 Na6 8. O-O
Nc7 9. a4 b6 10. Qe2 a6 11. Nd1 Bd7 12. c4 Rb8 13. e5 Nfe8 14. Nc3 Qc8 15. Bd2
Qb7 16. f5 b5 17. axb5 axb5 18. fxg6 fxg6 19. e6 Bc8 20. Ng5 Nf6 21. b3 bxc4
22. bxc4 Na6 23. Ra5 Qc7 24. Rfa1 Nb4 25. Nb5 Qb6 26. Ra7 Ng4 27. Bxg6 Bd4+ 28.
Nxd4 cxd4 29. Bxh7+ Kh8 30. Bd3 Nf6 31. Rxe7 Nxd3 32. Qxd3 Rb7 33. Rxb7 Qxb7
34. Qxd4 1-0

[Event "4NCL/Div4/SXM vs. HKF prelims"]
[Site "Telford ENG"]
[Date "2003.03.08"]
[Round "5.5"]
[White "Prescott, Adam"]
[Black "Dawson, Alistair G"]
[Result "0-1"]
[WhiteElo "1472"]
[BlackElo "1792"]
[PlyCount "136"]
[EventDate "2003.03.08"]

1. e4 d6 2. d4 g6 3. Nc3 Bg7 4. Be3 a6 5. Qd2 Nd7 6. f4 b5 7. e5 Nh6 8. Be2 Nf5
9. Bf2 h5 10. Nf3 e6 11. Bd3 Nb6 12. Bxf5 gxf5 13. Bh4 Qd7 14. O-O d5 15. b3
Bf8 16. Kh1 Be7 17. Qf2 Bxh4 18. Qxh4 Qe7 19. Qxe7+ Kxe7 20. g3 Bb7 21. Ne2
Rac8 22. Rfc1 c5 23. c3 Rc7 24. Kg2 Nd7 25. Kf2 Rhc8 26. Rab1 Nf8 27. h4 Nd7
28. Ke3 a5 29. a3 Ba6 30. Nfg1 b4 31. axb4 axb4 32. cxb4 cxb4 33. Rxc7 Rxc7 34.
Ra1 Nb8 35. Ra4 Rb7 36. Nf3 Bb5 37. Ra1 Bxe2 38. Kxe2 Rc7 39. Ra4 Rb7 40. Ne1
Kd7 41. Nc2 Nc6 42. Kd3 Kc7 43. Ke3 Rb5 44. Kd3 Ra5 45. Rxa5 Nxa5 46. Nxb4 Nxb3
47. Nc2 Kb6 48. Ne1 Kb5 49. Kc3 Na5 50. Nc2 Nc4 51. Kd3 Ka4 52. Kc3 Na3 53. Ne3
Nb5+ 54. Kd3 Na7 55. Kc3 Nc6 56. Nc2 Ne7 57. Nb4 Ng8 58. Nd3 Nh6 59. Nf2 Ng4
60. Nd1 Ka3 61. Kc2 Kb4 62. Kd3 Kb3 63. Nc3 Nf2+ 64. Kd2 Ne4+ 65. Nxe4 dxe4 66.
Ke3 Kc3 67. g4 fxg4 68. Kxe4 Kc4 0-1

[Event "4NCL/Div4/SXM vs. HKF prelims"]
[Site "Telford ENG"]
[Date "2003.03.08"]
[Round "5.6"]
[White "Bullock, Andrew"]
[Black "Barraclough, Stephanie"]
[Result "0-1"]
[WhiteElo "1712"]
[BlackElo "1472"]
[PlyCount "84"]
[EventDate "2003.03.08"]

1. c4 Nf6 2. Nf3 g6 3. g3 Bg7 4. Bg2 O-O 5. Nc3 d6 6. d3 e5 7. O-O Nc6 8. Ng5
h6 9. Nge4 Nxe4 10. Nxe4 f5 11. Nc3 g5 12. e3 Kh7 13. f4 exf4 14. exf4 g4 15.
Be3 Re8 16. Qd2 Rxe3 17. Bxc6 Bd4 18. Kh1 bxc6 19. Ne2 Qf6 20. Nxd4 Qxd4 21.
Rae1 Rxe1 22. Rxe1 Qf6 23. Re3 Bb7 24. Qe2 c5+ 25. Kg1 Rf8 26. Kf1 Bf3 27. Qe1
Rf7 28. Qd2 Re7 29. a3 Rxe3 30. Qxe3 Qxb2 31. Qe7+ Qg7 32. Qe1 Qf6 33. a4 Kg7
34. d4 cxd4 35. Qe8 d3 36. Qd7+ Qf7 37. Qb5 Kg6 38. Ke1 Qe7+ 39. Kd2 Qe2+ 40.
Kc3 d2 41. Qb8 Qe3+ 42. Kb2 Qb6+ 0-1

[Event "4NCL/Div4/NKN2 vs. WGR3 prelims"]
[Site "Telford ENG"]
[Date "2003.03.08"]
[Round "5.1"]
[White "Spencer, Douglas"]
[Black "Watson, Ron"]
[Result "0-1"]
[WhiteElo "1847"]
[BlackElo "2248"]
[PlyCount "70"]
[EventDate "2003.03.08"]

1. d4 d5 2. e4 dxe4 3. Nc3 Nf6 4. f3 exf3 5. Nxf3 Bg4 6. h3 Bh5 7. g4 Bg6 8.
Ne5 Nbd7 9. Qf3 c6 10. Nxg6 hxg6 11. g5 Nh5 12. Bc4 e6 13. Rf1 Qe7 14. Bd2 Nb6
15. Bb3 Qc7 16. O-O-O Bb4 17. Rde1 O-O 18. a3 Bxc3 19. Bxc3 Nd5 20. Bd2 Rad8
21. c4 Ne7 22. Bc2 Qg3 23. Qxg3 Nxg3 24. Rf3 Ngf5 25. Bb4 Nxd4 26. Bxe7 Nxf3
27. Re3 Nd4 28. Bxf8 Nxc2 29. Kxc2 Kxf8 30. Rb3 Rd7 31. Re3 b6 32. Kc3 Ke7 33.
b4 f6 34. Rg3 Kf7 35. a4 e5 0-1

[Event "4NCL/Div4/NKN2 vs. WGR3 prelims"]
[Site "Telford ENG"]
[Date "2003.03.08"]
[Round "5.2"]
[White "Savage, Ben D"]
[Black "Morgan, Steve"]
[Result "1-0"]
[WhiteElo "2172"]
[BlackElo "1794"]
[PlyCount "79"]
[EventDate "2003.03.08"]

1. e4 d5 2. exd5 Qxd5 3. d4 e5 4. dxe5 Qxd1+ 5. Kxd1 Nc6 6. Bf4 Bf5 7. Nf3
O-O-O+ 8. Nbd2 f6 9. Bc4 Bc5 10. Rf1 h5 11. Bg3 Bg4 12. Kc1 Nge7 13. h3 Bf5 14.
a3 Ng6 15. exf6 gxf6 16. Nh4 Nxh4 17. Bxh4 Rh6 18. Nb3 Bb6 19. Rd1 Ne5 20.
Rxd8+ Kxd8 21. Bf1 Ke7 22. Kd2 Bxh3 23. Re1 Kf7 24. Rxe5 fxe5 25. gxh3 Ke6 26.
Bd3 Rh8 27. Ke2 Kd5 28. Nd2 c6 29. Bc4+ Kd6 30. Ne4+ Kc7 31. Bf6 Rh6 32. Bxe5+
Kd7 33. Nf6+ Kd8 34. Ne4 Bc7 35. Bf6+ Kc8 36. Bg5 Rg6 37. Bf7 Rg7 38. Bxh5 Kb8
39. Bg4 Be5 40. c3 1-0

[Event "4NCL/Div4/NKN2 vs. WGR3 prelims"]
[Site "Telford ENG"]
[Date "2003.03.08"]
[Round "5.3"]
[White "Arnold, Chris"]
[Black "Maduekwe, Chiedu"]
[Result "1/2-1/2"]
[WhiteElo "1615"]
[BlackElo "2140"]
[PlyCount "55"]
[EventDate "2003.03.08"]

1. d4 d5 2. c4 c6 3. Nf3 Nf6 4. Nc3 e6 5. Bg5 h6 6. Bh4 dxc4 7. e4 g5 8. Bg3 b5
9. a4 b4 10. Na2 Nxe4 11. Bxc4 Nd7 12. O-O Bb7 13. Re1 Nxg3 14. hxg3 Bg7 15.
Nxb4 O-O 16. Ne5 Nxe5 17. dxe5 c5 18. Nc2 Qxd1 19. Raxd1 Rfd8 20. f4 Bf8 21. b3
Be7 22. Ne3 Rxd1 23. Rxd1 Rd8 24. Rxd8+ Bxd8 25. Kf2 Bc7 26. Ng4 Kg7 27. Nf6
Ba5 28. Ne8+ 1/2-1/2

[Event "4NCL/Div4/NKN2 vs. WGR3 prelims"]
[Site "Telford ENG"]
[Date "2003.03.08"]
[Round "5.4"]
[White "Kikoyo, Ali"]
[Black "Johnston, Gruffydd E"]
[Result "1/2-1/2"]
[WhiteElo "1864"]
[BlackElo "1623"]
[PlyCount "76"]
[EventDate "2003.03.08"]

1. e4 c5 2. Nf3 d6 3. d4 cxd4 4. Nxd4 Nf6 5. Nc3 g6 6. Be2 Bg7 7. a4 Nc6 8. Nb3
O-O 9. Be3 Bd7 10. O-O Rc8 11. f4 b6 12. Qd2 Rc7 13. Rad1 Qc8 14. Bf3 Bg4 15.
Nd4 Bxf3 16. Nxf3 Ng4 17. Nb5 Nxe3 18. Qxe3 Rb7 19. c3 a6 20. Na3 b5 21. axb5
axb5 22. b4 Qc7 23. Rd5 Rfb8 24. Qd3 Qb6+ 25. Kh1 Qa6 26. Nc2 Qb6 27. e5 dxe5
28. fxe5 e6 29. Rd6 Qc7 30. Rd1 h6 31. Qe3 Bf8 32. R6d3 Bg7 33. Re1 Rd8 34.
Ncd4 Nxd4 35. Nxd4 Rd5 36. Nf3 Qc4 37. Rxd5 Qxd5 38. h3 Rc7 1/2-1/2

[Event "4NCL/Div4/NKN2 vs. WGR3 prelims"]
[Site "Telford ENG"]
[Date "2003.03.08"]
[Round "5.5"]
[White "Thomas, Joseff"]
[Black "Cutmore, Martin J"]
[Result "0-1"]
[WhiteElo "1574"]
[BlackElo "1896"]
[PlyCount "55"]
[EventDate "2003.03.08"]

1. e4 e6 2. d4 c5 3. Be3 cxd4 4. Bxd4 Nc6 5. Be3 Nf6 6. Nd2 d5 7. c3 dxe4 8. f3
Nd5 9. Qe2 Nxe3 10. Qxe3 exf3 11. Ngxf3 Be7 12. Bb5 O-O 13. O-O-O Qa5 14. Bc4
b5 15. Bd3 Bb7 16. Ng5 g6 17. h4 b4 18. Nxh7 bxc3 19. Nc4 Qxa2 20. bxc3 Na5 21.
Nb2 Rac8 22. Kc2 Qb3+ 23. Kb1 Bd5 24. h5 Rxc3 25. Bc4 Qc2+ 26. Ka1 Rxe3 27.
Bxd5 Ra3+ 28. Ba2 0-1

[Event "4NCL/Div4/NKN2 vs. WGR3 prelims"]
[Site "Telford ENG"]
[Date "2003.03.08"]
[Round "5.6"]
[White "Cutmore, David M"]
[Black "Thomas, Jac"]
[Result "1-0"]
[WhiteElo "1848"]
[BlackElo "1406"]
[PlyCount "79"]
[EventDate "2003.03.08"]

1. d4 g6 2. c4 Bg7 3. e4 d6 4. Nc3 Nd7 5. f4 Ngf6 6. Nf3 O-O 7. Bd3 c5 8. d5
Ne8 9. O-O e5 10. f5 h6 11. h4 Kh7 12. g4 Ndf6 13. g5 Ng8 14. Ne2 f6 15. Ng3
Ne7 16. h5 gxf5 17. g6+ Kg8 18. exf5 Bd7 19. Nh2 a6 20. Ng4 Kh8 21. Bxh6 Ng8
22. Bxg7+ Kxg7 23. Qd2 Qe7 24. h6+ Kh8 25. h7 Nh6 26. Nxh6 Ng7 27. Qh2 Be8 28.
Ne4 Qd8 29. Qh4 b5 30. b3 Rb8 31. Ng4 Bd7 32. Nxd6 Be8 33. Ne4 Bd7 34. Nh6 Be8
35. Ng4 Bd7 36. Ng3 Rb6 37. Rad1 Qe7 38. Nh6 Be8 39. Ne4 b4 40. Qf2 1-0

[Event "4NCL/Div4/ATH2 vs. MET prelims"]
[Site "Telford ENG"]
[Date "2003.03.08"]
[Round "5.1"]
[White "Weighell, Mark"]
[Black "Fogarasi, Norbert"]
[Result "0-1"]
[WhiteElo "2131"]
[BlackElo "2162"]
[PlyCount "120"]
[EventDate "2003.03.08"]

1. e4 c5 2. d4 cxd4 3. c3 dxc3 4. Nxc3 Nc6 5. Nf3 d6 6. Bc4 Nf6 7. O-O Bg4 8.
Qb3 d5 9. Nxd5 Na5 10. Bb5+ Bd7 11. Nxf6+ exf6 12. Qd5 Bc6 13. Nd4 Qxd5 14.
exd5 Bxb5 15. Nxb5 Kd7 16. b3 a6 17. Nd4 Bc5 18. Nc2 Rac8 19. Be3 b5 20. Bxc5
Rxc5 21. Ne3 Nb7 22. b4 Rc3 23. a4 Rhc8 24. axb5 axb5 25. g3 Nd6 26. Ra7+ R8c7
27. Rfa1 Rxa7 28. Rxa7+ Rc7 29. Rxc7+ Kxc7 30. Kf1 Ne4 31. Ke2 Kd6 32. Kd3
Nxf2+ 33. Kd4 g6 34. Nc2 Ng4 35. Na3 Nxh2 36. Nxb5+ Kd7 37. Kc5 Nf3 38. Nc3 Ne5
39. b5 h5 40. d6 Kc8 41. Nd5 Nd7+ 42. Kc6 Ne5+ 43. Kb6 Kd7 44. Kc5 Nd3+ 45. Kd4
Kxd6 46. Nxf6 Nf2 47. Ne8+ Kd7 48. Nf6+ Kc7 49. Ke5 Kb6 50. Kd6 Ng4 51. Nxg4
hxg4 52. Ke5 f5 53. Kf4 Kxb5 54. Kg5 Kc6 55. Kxg6 f4 56. gxf4 g3 57. f5 g2 58.
f6 g1=Q+ 59. Kf7 Kd7 60. Kf8 Ke6 0-1

[Event "4NCL/Div4/ATH2 vs. MET prelims"]
[Site "Telford ENG"]
[Date "2003.03.08"]
[Round "5.2"]
[White "Dickson, George"]
[Black "Seymour, Timothy P"]
[Result "1-0"]
[WhiteElo "2016"]
[BlackElo "1688"]
[PlyCount "77"]
[EventDate "2003.03.08"]

1. d4 f5 2. Bg5 g6 3. e4 fxe4 4. f3 e3 5. Bxe3 Bg7 6. c4 Nf6 7. Nc3 d6 8. Bd3
Nc6 9. Nge2 e5 10. O-O O-O 11. d5 Ne7 12. Ng3 Nf5 13. Qe1 Qe7 14. Bf2 Bh6 15.
Nge4 Nh5 16. c5 Nf4 17. Bc4 Bd7 18. Ne2 Kh8 19. Kh1 Rg8 20. g4 Nxe2 21. gxf5
Nf4 22. f6 Qf8 23. cxd6 cxd6 24. Qb4 b6 25. Qxd6 Qxd6 26. Nxd6 Rgf8 27. f7 Rad8
28. Rfe1 Bh3 29. Ne8 Rxf7 30. Rxe5 Rf8 31. Bd4 Kg8 32. d6+ Be6 33. Rxe6 Nxe6
34. Bxe6+ Rf7 35. Nf6+ Kf8 36. Bxf7 Kxf7 37. Ne4 Bf4 38. Bf6 Rd7 39. Be7 1-0

[Event "4NCL/Div4/ATH2 vs. MET prelims"]
[Site "Telford ENG"]
[Date "2003.03.08"]
[Round "5.3"]
[White "Kay, Jonathan"]
[Black "Calvert, D Ian"]
[Result "1/2-1/2"]
[WhiteElo "1672"]
[BlackElo "2040"]
[PlyCount "64"]
[EventDate "2003.03.08"]

1. e4 d5 2. exd5 Qxd5 3. Nc3 Qa5 4. Nf3 Nf6 5. d4 c6 6. Bd2 Qb6 7. Rb1 Bf5 8.
Bc4 e6 9. O-O Be7 10. Re1 O-O 11. h3 Re8 12. a3 Nbd7 13. Bg5 h6 14. Bh4 Rac8
15. Ne5 Nxe5 16. dxe5 Nd5 17. Bxe7 Rxe7 18. Ne4 Bxe4 19. Rxe4 Rd8 20. Bd3 Red7
21. Rh4 Ne7 22. Qg4 Rd4 23. Qh5 Rxh4 24. Qxh4 Nf5 25. Qh5 g6 26. Qf3 Qd4 27. g4
Ne7 28. Qe4 Qxe4 29. Bxe4 g5 30. Kf1 Ng6 31. Bxg6 fxg6 32. Re1 Rd2 {{=} 1/2-1/2

[Event "4NCL/Div4/ATH2 vs. MET prelims"]
[Site "Telford ENG"]
[Date "2003.03.08"]
[Round "5.4"]
[White "Djabri, Zafer M"]
[Black "Aniecko, Colin"]
[Result "1-0"]
[WhiteElo "1864"]
[BlackElo "1512"]
[PlyCount "49"]
[EventDate "2003.03.08"]

1. c4 e5 2. Nc3 Bc5 3. Nf3 d6 4. e3 Bg4 5. d4 exd4 6. exd4 Bb6 7. Be2 h6 8. O-O
Ne7 9. Be3 Nf5 10. Qd2 c6 11. Bf4 Bxf3 12. Bxf3 Nxd4 13. Rfe1+ Kf8 14. Bg4 c5
15. Nb5 Nxb5 16. cxb5 d5 17. Bf3 Ba5 18. Qc2 Bxe1 19. Qxc5+ Kg8 20. Rxe1 Nd7
21. Qxd5 Nb6 22. Qxb7 Qf6 23. Bc7 Kh7 24. Qe4+ Kg8 25. Bxb6 1-0

[Event "4NCL/Div4/AD3 vs. SLO3 prelims"]
[Site "Telford ENG"]
[Date "2003.03.08"]
[Round "5.1"]
[White "Pritchard, David"]
[Black "Milnes, Anthony"]
[Result "1-0"]
[WhiteElo "1768"]
[BlackElo "2129"]
[PlyCount "69"]
[EventDate "2003.03.08"]

1. e4 e6 2. d4 d5 3. e5 c5 4. Qg4 Nc6 5. Nf3 cxd4 6. Bd3 Nge7 7. O-O Ng6 8. Qg3
Qb6 9. h4 Bd7 10. a3 Rc8 11. Re1 Qc7 12. h5 Nge7 13. Bf4 Qb6 14. b4 Nd8 15.
Nbd2 Nf5 16. Bxf5 exf5 17. e6 Nxe6 18. Ng5 f6 19. Nxe6 Bxe6 20. Re2 Kf7 21.
Rae1 Re8 22. Bc7 Qc6 23. Nb3 Qc3 24. Qf4 d3 25. Rxe6 Rxe6 26. Rxe6 Kxe6 27.
Nd4+ Kf7 28. Qe3 g6 29. Qe6+ Kg7 30. h6+ Kxh6 31. Qxf6 Qe1+ 32. Kh2 Qxf2 33.
Nf3 Be7 34. Qxe7 d2 35. Bf4+ 1-0

[Event "4NCL/Div4/AD3 vs. SLO3 prelims"]
[Site "Telford ENG"]
[Date "2003.03.08"]
[Round "5.2"]
[White "Rush, Steven"]
[Black "Westwood, Richard D"]
[Result "0-1"]
[WhiteElo "1360"]
[BlackElo "1736"]
[PlyCount "80"]
[EventDate "2003.03.08"]

1. d4 Nf6 2. Nf3 g6 3. Bf4 d6 4. e3 Bg7 5. h3 Nbd7 6. Be2 c6 7. O-O O-O 8. c3
Ne4 9. Nbd2 Ndf6 10. Ng5 Nxd2 11. Qxd2 h6 12. Nf3 g5 13. Bh2 Bf5 14. Bd3 Qd7
15. Bxf5 Qxf5 16. Qe2 Kh8 17. Nd2 Qc2 18. f3 Qxb2 19. Qd3 Qb6 20. Rab1 Qc7 21.
c4 Qd7 22. a4 b6 23. Qe2 c5 24. dxc5 bxc5 25. a5 Rab8 26. Rb5 Rxb5 27. cxb5 Nd5
28. f4 g4 29. hxg4 Nxe3 30. Rb1 Nxg4 31. b6 axb6 32. axb6 Bd4+ 33. Kh1 Nf2+ 34.
Kg1 {{=} Nd1+ 35. Kh1 Nc3 36. Qh5 Nxb1 37. Qxh6+ Kg8 38. Nf3 Bg7 39. Qg5 Nc3
40. Qh5 Ne4 0-1

[Event "4NCL/Div4/AD3 vs. SLO3 prelims"]
[Site "Telford ENG"]
[Date "2003.03.08"]
[Round "5.3"]
[White "Rea, Bill"]
[Black "Purton, Ben"]
[Result "0-1"]
[WhiteElo "1656"]
[BlackElo "2057"]
[PlyCount "66"]
[EventDate "2003.03.08"]

1. e4 c5 2. Nf3 Nc6 3. d4 cxd4 4. Nxd4 e5 5. Nxc6 bxc6 6. Bc4 Nf6 7. f3 Bc5 8.
c3 O-O 9. b4 Bb6 10. Bg5 Qe7 11. a4 a5 12. Bxf6 Qxf6 13. Qc2 Rd8 14. Nd2 d5 15.
Bd3 Be6 16. b5 cxb5 17. axb5 Rac8 18. exd5 Bxd5 19. Rc1 Qh4+ 20. g3 Qh5 21. c4
Bb7 22. Be4 Bxe4 23. Qxe4 Qh6 24. Rc2 Rd4 25. Qxe5 Rcd8 26. f4 Qg6 27. Ra2 a4
28. c5 Ba5 29. O-O Bxd2 30. c6 R4d5 31. c7 Qb6+ 32. Kg2 Rxe5 33. cxd8=Q+ Qxd8
0-1

[Event "4NCL/Div4/AD3 vs. SLO3 prelims"]
[Site "Telford ENG"]
[Date "2003.03.08"]
[Round "5.4"]
[White "Crichton, Martin"]
[Black "Pohribnyj, Chris"]
[Result "1/2-1/2"]
[WhiteElo "2002"]
[BlackElo "1600"]
[PlyCount "67"]
[EventDate "2003.03.08"]

1. e4 c5 2. Nf3 d6 3. Bb5+ Bd7 4. a4 a6 5. Bxd7+ Qxd7 6. O-O Nf6 7. Re1 Nc6 8.
c3 e6 9. d4 cxd4 10. cxd4 d5 11. e5 Ne4 12. Nc3 Nxc3 13. bxc3 Na5 14. Bf4 Rc8
15. Qd3 Qc6 16. Ng5 h6 17. Nf3 Be7 18. h4 O-O 19. Reb1 Qc4 20. Qc2 Rc7 21. Bd2
Rfc8 22. Rb2 Nc6 23. Qb1 Na5 24. Be1 Qc6 25. g3 Nc4 26. Rba2 Na5 27. Kg2 Qc4
28. Nd2 Qc6 29. Qd3 Nc4 30. Nf3 Na5 31. Rb1 Qc4 32. Qc2 Qc6 33. Qd3 Qc4 34. Qc2
1/2-1/2

[Event "4NCL/Div4/AD3 vs. SLO3 prelims"]
[Site "Telford ENG"]
[Date "2003.03.08"]
[Round "5.5"]
[White "Roberts, Colin"]
[Black "Roberson, Peter T"]
[Result "1/2-1/2"]
[WhiteElo "1576"]
[BlackElo "1792"]
[PlyCount "53"]
[EventDate "2003.03.08"]

1. e4 c6 2. d4 d5 3. Nc3 dxe4 4. Nxe4 Bf5 5. Ng3 Bg6 6. h4 h6 7. Nf3 Nd7 8. h5
Bh7 9. Bd3 Bxd3 10. Qxd3 Qc7 11. Bd2 Ngf6 12. O-O-O e6 13. Ne4 O-O-O 14. Qe2
Nxe4 15. Qxe4 Bd6 16. Rh4 Rhe8 17. Qg4 Rg8 18. Bf4 Rdf8 19. Bxd6 Qxd6 20. Qe4
Rd8 21. Ne5 Nxe5 22. Qxe5 Qd5 23. Qxd5 Rxd5 24. c4 Rd7 25. Re4 Rgd8 26. Kc2 c5
27. Kc3 1/2-1/2